00851cam a22002534a 45000010009000000050017000090080041000260100017000670200028000840400018001120420008001300500021001381000022001592450107001812500013002882600035003013000033003365040051003696500037004206500012004576500058004696500033005277000037005601386015820161130110711.0050203s2006 maua b 001 0 eng  a 2005041576 a0072972807 (alk. paper) aDLCcDLCdDLC apcc00aGV341b.W85 20061 aWuest, Deborah A.10aFoundations of physical education, exercise science, and sport /cDeborah A. Wuest, Charles A. Bucher. a15th ed. aBoston :bMcGraw-Hill,cc2006. axv, 583 p. :bill. ;c24 cm. aIncludes bibliographical references and index. 0aPhysical education and training. 0aSports. 0aPhysical education and trainingxVocational guidance. 0aSportsxVocational guidance.1 aBucher, Charles Augustus,d1912-